000
00309nam a22001337a 4500
008
171009b xxu||||| |||| 00| 0 eng d
020
_a
9780781734349
041
_a
eng
080
_a
159.9
100
_a
49
101
_a
PSI
245
_a
COMPREHENSIVE TEXTBOOK OF PSYCHIATRY
_c
SADOCK, B.J
942
_2
udc
_c
BK
999
_c
32700
_d
32700